| 000 | 00994cam a2200313Ii 4500 | ||
|---|---|---|---|
| 999 |
_c8663 _d8663 |
||
| 001 | 8663 | ||
| 003 | BD-JhCC | ||
| 005 | 20180301093653.0 | ||
| 008 | 790420r19481948ilu 000 0 eng d | ||
| 035 | _aocm04876979 | ||
| 035 | _a(BD-JhCC)8663 | ||
| 035 | _a132950 | ||
| 040 |
_aFUT _cFUT _dCSU _dOCL _dCUD |
||
| 041 | _aeng | ||
| 082 |
_a301 _bSUT 1961 |
||
| 090 |
_aHM66 _b.S88 1948a |
||
| 100 | 1 |
_aSutherland, Robert L. _q(Robert Lee) |
|
| 245 | 1 | 0 |
_aIntroductory sociology / _cRobert L. Sutherland [and] Julian L. Woodward. |
| 250 | _a3d ed. | ||
| 260 |
_aChicago, _aPhiladelphia [etc.] : _bReprinted for the United States Armed Forces Institute by J.B. Lippincott Co., _cc1948. |
||
| 300 |
_a402 p. : _bill., maps. _c23 cm. |
||
| 490 | 0 |
_aEducation manual, _vMA495 |
|
| 504 | _aIncludes bibliographies. | ||
| 650 | 0 | _aSociology | |
| 700 | 1 |
_aWoodward, Julian Laurence, _d1900- |
|
| 710 | 2 | _aUnited States Armed Forces Institute. | |
| 942 |
_2ddc _cBK |
||